Gemeinden im Alb-Donau-Kreis - Statistiken

Allgemein
  • Dieses Quiz wurde 96 mal gespielt
  • Das Durchschnittsergebnis liegt bei 21 aus 55
Antwortstatistiken
% Korrekt
Blaubeuren
83%
Ehingen
81%
Blaustein
79%
Laichingen
62%
Schelklingen
60%
Erbach
57%
Altheim/Alb
52%
Dornstadt
52%
Merklingen
52%
Munderkingen
50%
Altheim
48%
Langenau
48%
Unterstadion
48%
Westerheim
48%
Allmendingen
45%
Oberstadion
45%
Rottenacker
45%
Obermarchtal
43%
Öpfingen
43%
Amstetten
40%
Hausen a.B.
40%
Illerkirchberg
40%
Westerstetten
40%
Heroldstatt
38%
Untermarchtal
38%
Bernstadt
36%
Lonsee
36%
Nellingen
36%
Oberdischingen
36%
Dietenheim
33%
Griesingen
33%
Weidenstetten
33%
Berghülen
31%
Emerkingen
31%
Illerrieden
31%
Rammingen
31%
Staig
31%
Asselfingen
29%
Balzheim
29%
Holzkirch
29%
Lauterach
29%
Neenstetten
29%
Rechtenstein
29%
Nerenstetten
26%
Emeringen
24%
Öllingen
24%
Setzingen
24%
Schnürpflingen
21%
Grundsheim
19%
Hüttisheim
19%
Unterwachingen
19%
Ballendorf
17%
Beimerstettem
17%
Börslingen
17%
Breitingen
17%
Keine übereinstimmenden Quizze gefunden
Verteilung der Resultate
Anzahl Personen mit jedem Resultat
Perzentil nach korrekt beantworteten Fragen
Ihre Resultats-Entwicklung
Sie haben dieses Quiz noch nicht gespielt